Speaking Design/ (Record no. 204845)

MARC details
000 -LEADER
fixed length control field 00591nam a22001937a 4500
005 - DATE AND TIME OF LATEST TRANSACTION
control field 20240805151929.0
010 ## - LCCN (DPL NO)
LC control number ENG-141187
020 ## - INTERNATIONAL STANDARD BOOK NUMBER
Terms of availability 1500.00
International Standard Book Number 9788196775121
035 ## - SYSTEM CONTROL NUMBER
System control number EN-124719
037 ## - SOURCE OF ACQUISITION
Source of stock number/acquisition DBAD
082 ## - DEWEY DECIMAL CLASSIFICATION NUMBER
Classification number 621.36
Edition number 1
100 ## - MAIN ENTRY--PERSONAL NAME
Personal name Balaram, S.
245 00 - TITLE STATEMENT
Title Speaking Design/
Statement of responsibility, etc By S. Balaram
250 ## - EDITION STATEMENT
Edition statement 1
260 ## - PUBLICATION, DISTRIBUTION, ETC. (IMPRINT)
Place of publication, distribution, etc Mumbai
Name of publisher, distributor, etc Kabdwal Book International
270 ## - ADDRESS
Address Plot No. 179, D/42, Raigad CHS, Sector 1, Charkop, Kandivali(W)
City Mumbai
Postal code 400067
Electronic mail address order@kabdwalbook.com
300 ## - PHYSICAL DESCRIPTION
Extent 295p.
Dimensions 22cm(pbk)
942 ## - ADDED ENTRY ELEMENTS (KOHA)
Source of classification or shelving scheme Dewey Decimal Classification
Item type English Books
Call number suffix BAL
Classification part 621.36
Edition 1
Holdings
Withdrawn status Lost status Not for loan Collection code Home library Current library Date acquired Source of acquisition Cost, normal purchase price Full call number Barcode Copy number Cost, replacement price Koha item type
      Non-fiction Patel Nagar Patel Nagar 05/08/2024 Delivery of Books Act Division 1500.00 BAL 621.36 EN-124719 1 1500.00 English Books

© Delhi Public Library
Hit Counter
free hit counter